Central Library OPAC University of Rajshahi

কথা কথাসাহিত্য / (Record no. 74197)

MARC details
000 -LEADER
fixed length control field 00791nam a2200229 a 4500
001 - CONTROL NUMBER
control field 74197
003 - CONTROL NUMBER IDENTIFIER
rucl marc code BD-RjUL
005 - DATE AND TIME OF LATEST TRANSACTION
control field 20211209082518.0
008 - FIXED-LENGTH DATA ELEMENTS--GENERAL INFORMATION
fixed length control field 180322s2015 BG ||||| |||| 00| 1 ben d
020 ## - INTERNATIONAL STANDARD BOOK NUMBER
International Standard Book Number 9789849135968
Terms of availability Tk.300.00
035 ## - SYSTEM CONTROL NUMBER
System control number (BD-RjUL)74415
040 ## - CATALOGING SOURCE
Original cataloging agency BD-RjUL
Language of cataloging eng
Transcribing agency BD-RjUL
041 ## - LANGUAGE CODE
Language code of text/sound track or separate title ben
082 ## - DEWEY DECIMAL CLASSIFICATION NUMBER
Edition number 23
Classification number 891.443
Author mark and year HAK 2015
100 1# - MAIN ENTRY--PERSONAL NAME
Personal name হক, হাসান আজিজুল
9 (RLIN) 220725
245 10 - TITLE STATEMENT
Title কথা কথাসাহিত্য /
Statement of responsibility, etc. হাসান আজিজুল হক,
260 ## - PUBLICATION, DISTRIBUTION, ETC. (IMPRINT)
Place of publication, distribution, etc. ঢাকা :
Name of publisher, distributor, etc. চন্দ্রাবতী একাডেমী ,
Date of publication, distribution, etc. ২০১৫
300 ## - PHYSICAL DESCRIPTION
Pagination ২৭৫ পৃ. ;
Size ২২ সেমি.
650 ## - SUBJECT ADDED ENTRY--TOPICAL TERM
Source of heading or term বাংলা উপন্যাস
Topical term or geographic name as entry element Bengali Fiction
9 (RLIN) 220726
942 ## - ADDED ENTRY ELEMENTS (KOHA)
Source of classification or shelving scheme Dewey Decimal Classification
Koha item type Books
Holdings
Lost status Source of classification or shelving scheme Damaged status Not for loan Collection code Permanent Location Current Location Shelving location Date acquired Source of acquisition Cost, normal purchase price Total Checkouts Full call number Date last seen Copy number Koha item type
  Dewey Decimal Classification   Not For Loan Fiction Central Library, University of Rajshahi Central Library, University of Rajshahi Reading Room 27/03/2017 Rajshahi News Home 300.00   B 891.443 HAK 2015 22/03/2018 C-1 Books
  Dewey Decimal Classification     Fiction Central Library, University of Rajshahi Central Library, University of Rajshahi   27/03/2017 Rajshahi News Home 300.00   B 891.443 HAK 2015 03/05/2018 C-2 Books